| 000 | 00347 a2200145 4500 | ||
|---|---|---|---|
| 003 | Nust | ||
| 005 | 20230316141344.0 | ||
| 040 | _cNust | ||
| 082 | _a355.02,DOG | ||
| 100 |
_aDogar, Rafiq _9110452 |
||
| 245 |
_aOperation Siachin / _cRafique Dogar |
||
| 260 |
_aLahore _bJang Pub |
||
| 650 |
_aWar,Operation _9110453 |
||
| 942 |
_2ddc _cBK _k355.02,DOG |
||
| 999 |
_c187804 _d187804 |
||